[Event "Skilling Open CCT 2021"]
[Site "Online"]
[Date "2020.11.19"]
[Round "9.6"]
[White "Radjabov, Teimour"]
[Black "Ding, Liren"]
[Result "0-1"]
[WhiteElo "2758"]
[BlackElo "2836"]
[Annotator "TA"]
[PlyCount "92"]
[EventDate "2020.11.20"]
[EventType "tourn"]
[EventCountry "NET"]
[Tiebreak "Koya+Number of black wins+Number of wins"]
[SourceTitle "playchess.com"]
[Source "ChessBase"]
[SourceQuality "1"]

{[%evp 20,92,0,-5,-51,-34,0,0,0,0,0,0,0,0,0,-8,0,0,0,0,0,0,-2,0,0,0,0,0,0,0,0,
0,15,12,104,84,95,95,94,0,0,0,0,0,0,-2,0,-5,-6,-29,-41,-227,-226,-212,-207,
-227,-222,-216,-205,-210,-202,-333,-231,-462,-538,-519,-318,-311,-304,-294,
-266,-638,-644,-1460,-856]} 1. e4 c5 2. Nf3 d6 3. d4 cxd4 4. Nxd4 Nf6 5. Nc3 a6
6. Bg5 e6 7. f4 Qb6 8. Qd2 Qxb2 9. Rb1 Qa3 10. e5 h6 11. Bh4 dxe5 {B97:
Sicilian Najdorf: Poisoned Pawn.} 12. fxe5 Nfd7 13. Ne4 $1 Qxa2 {The position
is equal.} 14. Rd1 $1 Qd5 15. Qe3 $1 Qxe5 ({Don't blunder} 15... Nxe5 $2 16.
Nb3 $18) 16. Be2 $1 {Hoping for 0-0.} Bc5 17. Bg3 Qd5 $1 {[%mdl 4] And now ...
0-0 would win. is now more promising than 17...Bxd4.} 18. c4 Bxd4 19. Rxd4 Qa5+
20. Rd2 $1 O-O $5 {[%mdl 4] Strongly threatening ...f5. Leaves trodden paths.}
21. Bd6 $1 f5 22. Bxf8 Nxf8 ({But not} 22... fxe4 $6 23. Bd6 $14) 23. Nd6 $36 {
[%mdl 2048] White is pushing.} Nbd7 24. g4 fxg4 25. Bxg4 Qe5 26. Ke2 {[#]} b5
$5 $146 {[%mdl 8] An interesting novelty.} (26... a5 $11) ({Predecessor:} 26...
a5 27. h3 b6 28. Nxc8 Rxc8 29. Rxd7 Qxe3+ 30. Kxe3 Nxd7 31. Bxe6+ Kf8 32. Bxd7
Rxc4 {1/2-1/2 (32) Raja,H (2448)-Tran,T (2522) Moscow 2018}) 27. Bf3 $1 $16 {
[%cal Rf3a8]} Rb8 28. Qxe5 $1 Nxe5 {[#]} 29. cxb5 ({White should try} 29. c5 $1
$16) 29... axb5 $11 30. Nxc8 Rxc8 31. Rb1 Rc3 32. Bg2 Nfg6 (32... Nc4 $5 33.
Ra2 $8 Ng6 $11) 33. Rxb5 Nf4+ 34. Kf1 (34. Kd1 $5 {[%cal Rb5e5]} Nc4 35. Rb8+
Kf7 36. Rd7+ Kf6 37. Bf1 $15) 34... Ng4 35. Rd8+ $2 {Now White is beyond hope.}
(35. Rb8+ $15 Kf7 36. Kg1) 35... Kf7 $19 36. Rb7+ Kg6 37. Be4+ {[#]} Kh5 $1 38.
Rb1 Nxh2+ 39. Kg1 Ng4 40. Rd2 (40. Rdb8 $142) 40... Kh4 41. Rf1 $2 (41. Kf1)
41... Kg3 {Threatens to win with ...Nh3+.} 42. Kh1 g5 43. Rg1+ Kh4 {( -> ...
Rh3+)} 44. Re1 h5 45. Kg1 $2 (45. Ra2) 45... Kg3 46. Rc2 Nh3+ {Weighted Error
Value: White=0.35/Black=0.16} 0-1

[Event "Skilling Open CCT 2021"]
[Site "Online"]
[Date "2020.11.19"]
[Round "13.4"]
[White "Radjabov, Teimour"]
[Black "Le, Quang Liem"]
[Result "1/2-1/2"]
[WhiteElo "2758"]
[BlackElo "2744"]
[Annotator "TA"]
[PlyCount "134"]
[EventDate "2020.11.20"]
[EventType "tourn"]
[EventCountry "NET"]
[Tiebreak "Koya+Number of black wins+Number of wins"]
[SourceTitle "playchess.com"]
[Source "ChessBase"]
[SourceQuality "1"]

{[%evp 9,134,18,13,18,18,3,3,7,8,16,8,5,8,3,8,0,13,0,0,-22,-26,-22,-10,-20,0,0,
-8,-22,13,8,8,0,12,0,53,40,75,77,80,0,0,0,0,0,0,0,0,-8,0,0,7,0,41,6,73,72,110,
105,105,106,118,113,125,107,109,108,103,123,134,0,268,45,130,120,130,0,0,0,0,0,
0,0,0,0,0,0,0,0,0,0,0,0,0,0,0,0,0,0,0,0,0,0,0,0,0,0,0,0,0,0,0,0,0,0,0,0,0,0,0,
0,0,0,0,0,0,0,0]} 1. d4 Nf6 2. c4 e6 3. Nf3 d5 4. Nc3 a6 5. c5 (5. cxd5 exd5 6.
Bg5 Be6 7. e3 Nbd7 8. Bd3 c6 9. Qc2 Bd6 10. Bh4 h6 11. a3 O-O 12. O-O Re8 13.
Rfc1 Qb8 14. Bg3 Bxg3 15. hxg3 Nb6 16. Ne2 Nc8 17. Nf4 {0-1 (77) Radjabov,T 
(2765)-Le,Q (2709) chess24.com INT 2020}) 5... b6 6. cxb6 $1 {D37: Queen's
Gambit Declined: 5 Bf4.} cxb6 7. Bg5 Be7 8. e3 O-O 9. Bd3 Nbd7 10. O-O Bb7 {[#]
} 11. Qb1 $146 ({Predecessor:} 11. Qe2 Ne4 12. Bxe7 Qxe7 13. Rac1 Rfc8 14. Rc2
b5 15. Rfc1 Nb6 16. Nd2 Nxd2 17. Qxd2 {1-0 (40) Unzicker,F (2314)-Neuschmied,S
(2282) Bayern 2018}) 11... h6 12. Bf4 Rc8 13. a4 Nh5 14. h3 Nxf4 15. exf4 Bb4
16. Rc1 Nf6 17. Qc2 {[#]} Ne4 $1 {[%mdl 512]} 18. Qb3 (18. Nxe4 Rxc2) 18... Bd6
19. Ne2 Rc7 20. g3 g5 21. Ne5 gxf4 ({Black should play} 21... Kg7 $11) 22. Nxf4
$14 Bxe5 23. dxe5 d4 24. Qd1 ({Reject} 24. Nxe6 $6 fxe6 25. Qxe6+ Rcf7 $11) (
24. Bxe4 $16 Bxe4 25. Qb4) 24... Ng5 $11 {[%cal Be4g5,Bg5f3,Bf3h2][%mdl 32]}
25. Qg4 f5 26. Qe2 ({Of course not} 26. exf6 Rxf6 27. Rxc7 Qxc7 $17) 26... Nf3+
27. Kf1 Nh2+ 28. Ke1 Nf3+ 29. Kd1 Ng5 $1 30. Qd2 {And now h4 would win.} Bf3+
31. Be2 {With the idea Bxf3.} (31. Ke1 $5 {[%cal Rh3h4]} Bh5 32. Qb4 $11) 31...
Rxc1+ (31... Qd7 $11) 32. Rxc1 $16 Qd7 33. Bxf3 Nxf3 34. Qb4 Nxe5 35. Qxb6 {
[%mdl 64] Double Attack} Qxa4+ 36. b3 Qb5 {( -> ...Qf1+)} 37. Qxe6+ Rf7 38. Kc2
(38. Qxh6 {leads to mate.} Qf1+ 39. Kd2 Nf3+ 40. Kc2 Rc7+ 41. Qc6 Rxc6+ 42. Kb1
Qxc1+ 43. Ka2 Rc2#) 38... d3+ 39. Kb2 (39. Kd1 $16 d2 40. Kxd2) 39... d2 $2 {
[%mdl 8192] [#]} (39... Kh7 $11 {and Black is okay.}) 40. Rd1 $2 ({Only move:} 
40. Rc8+ $1 $18 Kh7 41. Rd8) 40... Nd3+ (40... Qa5 $1 $14) 41. Nxd3 Qxd3 {
[%mdl 4096] Endgame [#] KQR-KQR} 42. Qc8+ (42. Qc4 $1 $16 {[%cal Rc4d3]} Qd6
43. Kc2) 42... Kh7 $11 {The position is equal.} 43. Qc3 Rd7 44. Qxd3 Rxd3 {
KR-KR} 45. Kc2 Rf3 $1 46. Rxd2 f4 47. gxf4 Rxh3 48. Rd7+ Kg6 49. Rd6+ Kf5 50.
Rxa6 h5 51. b4 Rf3 52. b5 Rxf2+ 53. Kc3 {Black must now prevent b6.} Rf3+ 54.
Kc4 Rxf4+ 55. Kc5 Rf1 56. Rh6 Rc1+ 57. Kd6 Kg4 58. b6 h4 59. b7 Rb1 60. Kc7 (
60. Kc6 {keeps more tension.} h3 61. Kc7 Rc1+ 62. Kd6 Rb1 63. Kc6) 60... Rxb7+
61. Kxb7 {KR-KP. Cut Off at move 61} h3 62. Kc6 Kg3 63. Kd5 h2 64. Ke4 Kg2 65.
Rg6+ Kf2 66. Rh6 Kg2 67. Rxh2+ Kxh2 {Weighted Error Value: White=0.18/Black=0.
18} 1/2-1/2

[Event "Skilling Open CCT 2021"]
[Site "Online"]
[Date "2020.11.19"]
[Round "13.5"]
[White "Anton Guijarro, David"]
[Black "Nakamura, Hikaru"]
[Result "0-1"]
[WhiteElo "2667"]
[BlackElo "2829"]
[Annotator "TA"]
[PlyCount "120"]
[EventDate "2020.11.20"]
[EventType "tourn"]
[EventCountry "NET"]
[Tiebreak "Koya+Number of black wins+Number of wins"]
[SourceTitle "playchess.com"]
[Source "ChessBase"]
[SourceQuality "1"]

{[%evp 9,120,1,12,11,2,10,11,0,0,0,1,0,0,0,0,0,11,0,0,0,0,0,0,0,21,0,0,0,41,0,
41,0,0,0,0,0,20,0,0,-12,-21,-6,-8,-59,-63,-63,-63,-71,-57,-62,-72,-122,-107,
-151,-121,-106,-108,-118,-116,-119,-110,-177,-109,-116,-66,-62,-83,-79,-84,-75,
-95,-70,-22,-26,0,0,0,-23,-22,-10,-11,-17,-10,-70,-68,-78,-57,-85,-68,-68,-67,
-89,-70,-191,-91,-179,-178,-541,-534,-520,-515,-450,-443,-5893,-5886,-5857,
-5636,-5610,-5582,-5536,-5344,-4618,-937]} 1. d4 Nf6 2. c4 e6 3. Nc3 Bb4 4. e3
O-O 5. Bd2 c5 6. a3 {E46: Nimzo-Indian: Rubinstein: 4 e3 0-0 5 Ne2 without
early Bd3.} Bxc3 7. Bxc3 Ne4 8. Ne2 {The position is equal.} b6 9. d5 Bb7 10.
f3 Nxc3 11. Nxc3 exd5 12. cxd5 d6 13. e4 a6 {[#]} 14. Bd3 $146 ({Predecessor:} 
14. a4 Nd7 15. Be2 f5 16. exf5 Rxf5 17. O-O Qg5 18. Qc1 Qf4 19. Qxf4 Rxf4 20.
Ne4 Bxd5 {1/2-1/2 (38) Bluebaum,M (2647)-Sarana,A (2654) chess.com INT 2020})
14... b5 15. Qd2 Nd7 16. O-O Qf6 17. Kh1 Ne5 18. Be2 g5 19. Nd1 Ng6 20. Ne3 Bc8
21. g3 Bh3 22. Rf2 Rac8 23. Bf1 Bd7 $1 24. Bg2 c4 25. Rc1 Ne5 {[%cal Bg6e5,
Be5d7,Bd7f6][%mdl 32]} 26. Qd4 ({Better is} 26. Rff1 $11) 26... Qg7 $15 {
Strongly threatening ...Nd3.} 27. Bf1 f5 28. exf5 Bxf5 29. Nxf5 Rxf5 30. Be2
Nd7 31. Qd2 Nf6 {White must now prevent ...Ne4!} 32. Qc2 Rxd5 33. f4 g4 34. Bf1
Qg6 35. f5 (35. Bg2 $17 {keeps fighting.} Rd3 36. Rd1) 35... Qg5 ({Black
should try} 35... Qf7 $19 36. Bg2 Re5) 36. Re1 $17 Re5 37. Rxe5 dxe5 38. Qd1
Qe3 39. Qd6 {[#]} Rf8 $1 ({Reject} 39... Qxf2 40. Qe6+ Kh8 41. Qxf6+ Kg8 42.
Qe6+ Kg7 43. Qxe5+ Kf8 44. Bg2 $11) 40. Re2 Qf3+ (40... Qd4 $5 {[%cal Rd4d6]}
41. Qxa6 Qd5+ 42. Kg1 Qc5+ 43. Kh1 Qd5+ 44. Kg1 Qd4+ 45. Kg2 Qd5+ 46. Kg1 $17)
41. Kg1 Qxf5 {...Ne4 is the strong threat.} 42. Rxe5 ({Avoid the trap} 42. Rf2
$2 {[#]} Qxf2+ $1 {[%mdl 512]} 43. Kxf2 Ne4+ 44. Ke2 Nxd6 $19) 42... Qd7 $40 {
[%mdl 128] Black is up to no good.} 43. Rg5+ Kf7 44. Qxd7+ ({Don't blunder} 44.
Qxa6 $2 Qd4+ 45. Kh1 Qe4+ 46. Kg1 Qe3+ 47. Kg2 Qxg5 $19) 44... Nxd7 45. Rxg4
Nc5 (45... Re8 {seems wilder.} 46. Kf2 Nc5 47. Rd4 Re6 48. Be2 Rh6) 46. Bxc4+ (
46. Rf4+ $11 Ke8 47. Rh4) 46... bxc4 $15 47. Rxc4 $11 {[%mdl 4096] Endgame
KRN-KR} Ne6 48. Ra4 Rb8 49. Rxa6 Rxb2 50. a4 Nd4 {Hoping for ...Nf3+.} 51. h4 (
51. Ra7+ $15 Kg6 52. h3) 51... Kg7 (51... Nf5 $19 {has better winning chances.}
52. Ra7+ Kg8) 52. a5 (52. h5 $17 {might work better.}) 52... Nf5 $19 53. Ra8 $2
(53. Rb6 {is tougher.} Ra2 54. Rb7+ Kh6 55. a6) 53... Nxg3 {Black is clearly
winning.} 54. a6 Ra2 55. Ra7+ Kh6 56. Ra8 (56. Rf7 $142 Rxa6 57. Kg2) 56... Kh5
57. a7 Kxh4 {( -> ...Kh3)} 58. Rb8 Rxa7 59. Kg2 Nf5 60. Kf3 Kg5 {Weighted
Error Value: White=0.35/Black=0.10} 0-1

[Event "Skilling Open CCT 2021"]
[Site "Online"]
[Date "2020.11.19"]
[Round "13.6"]
[White "Firouzja, Alireza"]
[Black "Karjakin, Sergey"]
[Result "1-0"]
[WhiteElo "2703"]
[BlackElo "2709"]
[Annotator "TA"]
[PlyCount "109"]
[EventDate "2020.11.20"]
[EventType "tourn"]
[EventCountry "NET"]
[Tiebreak "Koya+Number of black wins+Number of wins"]
[SourceTitle "playchess.com"]
[Source "ChessBase"]
[SourceQuality "1"]

{[%evp 26,109,11,8,9,0,4,0,33,36,36,43,56,45,43,43,50,36,60,54,59,41,57,68,85,
79,93,95,81,92,92,70,79,83,93,89,75,74,74,64,110,64,64,65,74,74,203,70,65,67,
76,84,139,128,131,162,558,562,1130,1118,1114,1108,1108,1085,1012,1012,1370,
1351,2342,2162,1803,1685,29968,29969,29972,29973,29971,29970,29978,29979,29979,
29980,29981,29980,29980,29980]} 1. Nf3 d5 2. g3 g6 3. Bg2 Bg7 4. d4 Nf6 5. O-O
O-O 6. c4 dxc4 7. Na3 c5 8. dxc5 c3 9. Nd4 Na6 10. c6 Nd5 11. Nab5 Nab4 12.
Nxc3 Nxc3 13. bxc3 Nxc6 14. Be3 Bd7 {D75: Fianchetto Grünfeld: Main Line with
7...c5.} 15. Rb1 Na5 16. Nb3 {Threatens to win with Nxa5.} Nxb3 {[#] The
position is equal.} 17. Rxb3 $146 ({Predecessor:} 17. Qxb3 Bc6 18. Bxc6 bxc6
19. Bc5 Bf6 20. Rfd1 Qa5 21. Bb4 Qe5 22. Qc4 a5 23. Bc5 Qxc3 24. Qxc3 Bxc3 25.
Bxe7 Rfb8 26. Rbc1 {1-0 (61) Phiri,R (2166)-Ristovich,D Gauteng 2011}) 17...
Bc6 18. Bxc6 bxc6 19. Qxd8 Rfxd8 20. Rfb1 a5 21. Ra3 h5 22. Kg2 e6 23. Rb6 a4
24. c4 c5 25. Rd3 ({Of course not} 25. Bxc5 $6 Rdc8 $11) 25... Rdb8 26. Rdd6
Bf8 27. Rxb8 Rxb8 $16 {[%mdl 4096] Endgame KRB-KRB} 28. Ra6 $1 Rb2 29. Rxa4
Rxe2 30. Kf3 Rb2 31. Ra8 {aiming for Bxc5.} Kg7 32. Ke4 Be7 33. a4 g5 $1 34. a5
Ra2 35. a6 Ra3 (35... g4 $16) 36. Bc1 (36. Ra7 $1 $18) 36... Ra2 $14 37. Kd3
Bf6 {White stays focused until the end.} 38. Be3 Ra5 (38... Be7 $142) 39. Kc2
$16 g4 {[#]} 40. Kb3 $1 Be5 $2 (40... Kh7 {is tougher.} 41. a7 Be7) 41. a7 $18
Bf6 {[#]} 42. Bxc5 $1 {[%mdl 576] Promotion} Rxc5 {KRB-KR} 43. Rb8 Ra5 44. a8=Q
Rxa8 45. Rxa8 {KR-KB} Bd4 46. Kb4 Bxf2 47. c5 {[%cal Bc4c5,Bc5c6][%mdl 32]} h4
48. gxh4 Bxh4 49. Kb5 {White mates.} Bf6 50. Ra4 Be5 51. Rxg4+ Kh6 52. c6 f5
53. Rg8 f4 {[#]} 54. Re8 $1 Kg5 55. Rxe6 {Weighted Error Value: White=0.07/
Black=0.40} 1-0

[Event "Skilling Open CCT 2021"]
[Site "Online"]
[Date "2020.11.19"]
[Round "13.8"]
[White "Duda, Jan-Krzysztof"]
[Black "Ding, Liren"]
[Result "1-0"]
[WhiteElo "2774"]
[BlackElo "2836"]
[Annotator "TA"]
[PlyCount "127"]
[EventDate "2020.11.20"]
[EventType "tourn"]
[EventCountry "NET"]
[Tiebreak "Koya+Number of black wins+Number of wins"]
[SourceTitle "playchess.com"]
[Source "ChessBase"]
[SourceQuality "1"]

{[%evp 24,127,25,16,18,12,10,-59,17,12,8,12,31,12,12,12,12,12,12,11,15,12,14,6,
51,4,31,11,18,16,10,12,16,15,10,10,43,36,49,39,46,37,54,25,28,29,27,29,37,35,
35,38,40,38,47,45,47,54,55,55,56,62,57,58,72,64,55,48,148,133,135,120,148,142,
161,154,368,391,359,355,326,188,208,171,179,193,152,125,430,405,957,921,5539,
611,476,147,29950,29951,29952,29953,29962,29958,29977,29978,29978,29979]} 1. d4
Nf6 2. c4 e6 3. Nf3 d5 4. Nc3 c6 5. e3 Nbd7 6. Qc2 Bd6 7. Bd3 O-O 8. O-O e5 9.
cxd5 cxd5 10. e4 exd4 11. Nxd5 Nxd5 12. exd5 h6 13. Nxd4 {13.b3 is not played
anymore.} Qh4 {[%csl Gd6][%cal Rh4h2] D46: Semi-Slav: 5 e3 Nbd7 6 Bd3, Black
avoids the Meran.} 14. Nf3 Qh5 15. Bh7+ Kh8 {...g6 is the strong threat.Black
is slightly better.} 16. Qf5 $1 {[%cal Rf5h5]} Qxf5 17. Bxf5 Nf6 18. Bxc8 (18.
Bd3 {feels hotter.} b6 19. Bc4 Bb7 20. b3 Rad8 21. Rd1) 18... Rfxc8 19. Rd1 Rd8
20. Be3 Be7 21. d6 Bxd6 {[#]} 22. Kf1 $146 ({Predecessor:} 22. Rac1 Kg8 23. h3
Be7 24. Rxd8+ {1/2-1/2 (24) Lenic,L (2634)-Motylev,A (2676) Germany 2013})
22... Kg8 23. Rac1 a6 24. Rc4 Rd7 25. g3 Rc7 26. Rxc7 Bxc7 27. Rd3 Rd8 28. Rb3
b5 29. Ra3 a5 30. Rc3 Nd5 31. Rc5 b4 32. Ke2 a4 33. Bd4 a3 34. bxa3 bxa3 35.
Rb5 Ne7 36. Bc5 Rd5 37. Nd4 Nf5 38. Nb3 g5 39. Rb4 Bd6 40. Bxd6 Nxd6 $14 {
[%mdl 4096] Endgame KRN-KRN} 41. Rd4 Re5+ 42. Kd3 $1 Nf5 43. Ra4 Re1 44. Rxa3
Rh1 45. Ra5 Ng7 (45... Ne7 $1 $14) 46. a4 Rxh2 47. Ke3 Ne6 48. Rb5 {aiming for
a5.} Rh1 49. a5 {And now a6 would win.} Re1+ $2 {[#]} (49... Nc7 $16 50. Rb7
Na6) 50. Kd2 $1 $18 {[%cal Rd2e1]} Re4 51. a6 Ra4 52. Ra5 (52. Na5 $142) 52...
Rxa5 53. Nxa5 {KN-KN} Nc7 54. a7 h5 55. Ke3 Kg7 $2 {[%mdl 8192]} (55... h4 $16
56. gxh4 gxh4) 56. Nc4 Kg6 (56... Na8 $142 57. Nd2 h4 58. gxh4 gxh4) 57. Nb6
Kf5 58. Kf3 (58. a8=Q $142 Nxa8 59. Nxa8) 58... g4+ 59. Kg2 $2 (59. Ke3 $18 {
and the rest is easy.}) 59... Kg5 $2 {[%mdl 8192] [#]} (59... Ke4 $16 60. Kf1
Ke5) 60. a8=Q {White mates.} Nxa8 61. Nxa8 f5 62. Nc7 h4 63. gxh4+ Kxh4 64. Ne6
{Weighted Error Value: White=0.27/Black=0.41} 1-0

[Event "Skilling Open CCT 2021"]
[Site "Online"]
[Date "2020.11.19"]
[Round "14.1"]
[White "Vachier-Lagrave, Maxime"]
[Black "Ding, Liren"]
[Result "1/2-1/2"]
[WhiteElo "2860"]
[BlackElo "2836"]
[Annotator "TA"]
[PlyCount "122"]
[EventDate "2020.11.20"]
[EventType "tourn"]
[EventCountry "NET"]
[Tiebreak "Koya+Number of black wins+Number of wins"]
[SourceTitle "playchess.com"]
[Source "ChessBase"]
[SourceQuality "1"]

{[%evp 12,122,0,4,19,0,14,0,7,0,0,0,0,-3,0,-32,-10,-7,21,23,43,4,33,15,26,20,
44,40,54,55,75,49,49,49,54,49,50,46,53,43,95,64,69,57,102,101,87,70,70,70,70,
70,98,62,98,98,98,98,98,98,98,98,98,98,98,71,85,55,55,55,55,35,35,15,15,15,15,
10,10,10,10,10,10,10,10,10,10,10,10,10,10,0,7,14,14,14,14,22,22,22,22,22,22,22,
22,0,0,0,22,0,0,0,22]} 1. e4 c5 2. Nf3 d6 3. d4 cxd4 4. Nxd4 Nf6 5. Nc3 a6 6.
Bd3 e5 7. Nde2 Nc6 {[#] B90: Sicilian Najdorf: Unusual White 6th moves, 6 Be3
Ng4 and 6 Be3 e5.} 8. Nd5 $146 ({Predecessor:} 8. O-O Be6 9. f4 exf4 10. Nxf4
Ne5 11. Kh1 Be7 12. Be3 O-O 13. a4 Qc7 14. Bd4 Rae8 15. Qe1 {1/2-1/2 (32)
Heberla,B (2566)-Gajewski,G (2616) Warsaw 2020}) 8... Nxd5 9. exd5 Nb4 10. Be4
{[#] Hoping for c3.} a5 11. c3 Na6 12. O-O f5 13. Bc2 Be7 14. f4 O-O 15. Be3 e4
16. Nd4 Nc7 17. Bb3 Bf6 18. a4 Kh8 19. Bc4 Qe7 20. Qb3 Na6 21. Ne6 Bxe6 22.
dxe6 Nc5 23. Bxc5 dxc5 24. Rad1 {Rd7 is the strong threat.} Rad8 25. Qb5 g5 (
25... Rd6 $14) 26. Rd7 ({Don't play} 26. Qxa5 $6 gxf4 27. Rxd8 Rxd8 $11) (26.
fxg5 {is interesting.} Bxg5 27. Rd7 Rxd7 28. Qxd7 f4 29. Qd5) 26... Rxd7 27.
Qxd7 gxf4 28. Rxf4 Bg5 {[#] aiming for ...Qxd7.} 29. Qxe7 Bxe7 $16 {[%mdl 4096]
Endgame KRB-KRB} 30. g4 fxg4 31. Rxg4 Rg8 32. Rxg8+ Kxg8 {KB-KB} 33. Kf2 Kf8
34. Ke3 Bg5+ 35. Kxe4 Bc1 36. Kd5 Ke7 37. b3 Bd2 38. Bd3 h6 39. c4 Be3 40. Be2
Bd4 41. h4 Bf2 42. h5 Bd4 {The position is equal.} 43. Bf3 Bf2 44. Ke5 Bd4+ 45.
Kf5 b6 46. Bg4 Bc3 47. Bh3 Bd4 48. Kf4 Kd6 49. Ke4 Bc3 50. Kf5 Ke7 51. Bg2 Bb2
52. Bc6 Bc3 53. Bd7 Bb2 54. Ke4 Kd6 $1 55. Kf4 Bc3 56. Kf5 Ke7 57. Bc8 Bb2 58.
Kg6 Bc1 59. Kf5 Bb2 $1 60. Kg6 Bc1 61. Kf5 Bb2 $1 {Weighted Error Value:
White=0.07/Black=0.06} 1/2-1/2

[Event "Skilling Open CCT 2021"]
[Site "Online"]
[Date "2020.11.19"]
[Round "14.3"]
[White "Karjakin, Sergey"]
[Black "Aronian, Levon"]
[Result "0-1"]
[WhiteElo "2709"]
[BlackElo "2778"]
[Annotator "TA"]
[PlyCount "62"]
[EventDate "2020.11.20"]
[EventType "tourn"]
[EventCountry "NET"]
[Tiebreak "Koya+Number of black wins+Number of wins"]
[SourceTitle "playchess.com"]
[Source "ChessBase"]
[SourceQuality "1"]

{[%evp 9,62,0,23,28,13,14,24,23,14,8,6,12,40,3,31,28,39,18,69,11,37,-16,12,0,0,
-56,0,0,0,0,0,-67,-85,-80,-87,-78,-81,-79,-76,-73,-69,-180,-176,-212,-216,-497,
-491,-440,-428,-424,-418,-716,-578,-1050,-1023]} 1. d4 {Meier,Georg} Nf6 2. Bg5
d5 3. Nd2 c5 4. dxc5 e6 5. e4 h6 6. Bh4 {D00: 1 d4 d5: Unusual lines.} dxe4 {
[#]} 7. Nxe4 $146 ({Predecessor:} 7. Qe2 Qa5 8. O-O-O Qxa2 9. Qb5+ Nbd7 10. c6
bxc6 11. Qxc6 Bb7 12. Qxb7 Qa1+ 13. Nb1 {0-1 (28) Nepomniachtchi,I (2767)-So,W
(2808) Wijk aan Zee 2017 CBM 177 [Meier,Georg]}) 7... Qa5+ {[%mdl 64] Double
Attack} (7... Qxd1+ $6 8. Rxd1 Nbd7 9. Bxf6 $16) 8. Nd2 {White has an edge.}
Qxc5 9. Ngf3 Nbd7 10. Bd3 b6 11. Qe2 Bb7 12. O-O-O Be7 13. Kb1 Rc8 (13... O-O
$11) 14. Rhe1 (14. Nb3 $14 Qh5 15. Ba6 Bxf3 16. Qxf3 (16. gxf3 Rd8 $11) 16...
Qxf3 17. gxf3) 14... O-O $11 15. g4 (15. c3 $14) 15... Rfd8 (15... Nxg4 16. Nb3
$14) 16. g5 hxg5 17. Bxg5 ({Better is} 17. Nxg5 $11 Nf8 18. Rg1) 17... Nd5 (
17... Qc7 $1 $15) 18. Rg1 Bxg5 19. Rxg5 Qb4 20. Ne4 ({White should try} 20. Ka1
$11) 20... Nf4 $15 21. Qe3 Nxd3 22. cxd3 {Hoping for Rdg1.} Bxe4 ({Not} 22...
Qa4 23. Rdg1 $16) 23. dxe4 {[#]} Nf6 $1 $40 {[%mdl 640] Black is out for blood.
} 24. Nd4 {[#]} g6 $1 {Threatens to win with ...e5!} 25. a3 {[#]} (25. Rgg1 $1
$15) 25... Qa4 $1 $19 {[%cal Ra4d1]} 26. Rd2 {[#]} e5 $1 {[%mdl 576]
Deflection, Decoy} 27. Rxe5 $2 (27. Nb3) 27... Ng4 $1 {[%csl LRe3,LRe5,LRh2]
[%mdl 64] Double Attack} ({Stronger than} 27... Qc4 28. Rc2 $11) 28. Qf4 Nxe5 (
{Inferior is} 28... Rxd4 29. Re7 $11) 29. Qxe5 {intending Ne6!} Qc4 {aiming
for ...Qc1+.} 30. Rd1 (30. Qf6 $142) 30... Rc6 31. b3 Qc3 {Weighted Error
Value: White=0.57/Black=0.14} 0-1

[Event "Skilling Open CCT 2021"]
[Site "Online"]
[Date "2020.11.19"]
[Round "14.4"]
[White "Nakamura, Hikaru"]
[Black "Firouzja, Alireza"]
[Result "1-0"]
[WhiteElo "2829"]
[BlackElo "2703"]
[Annotator "TA"]
[PlyCount "85"]
[EventDate "2020.11.20"]
[EventType "tourn"]
[EventCountry "NET"]
[Tiebreak "Koya+Number of black wins+Number of wins"]
[SourceTitle "playchess.com"]
[Source "ChessBase"]
[SourceQuality "1"]

{[%evp 20,85,4,0,0,5,12,0,0,-7,0,0,0,-8,-15,-11,-18,-12,-26,-35,-25,-75,-27,
-17,-22,-35,-33,-74,-61,-73,-73,-61,0,0,0,0,0,0,0,0,0,0,323,367,333,-8,336,359,
605,607,545,575,546,527,500,479,1049,958,950,915,828,811,1699,1651,1229,1076,
2267,1706]} 1. e4 c6 2. d4 d5 3. Nc3 dxe4 4. Nxe4 Bf5 5. Ng3 Bg6 6. h4 h6 7.
Nf3 Nd7 8. h5 Bh7 9. Bd3 Bxd3 10. Qxd3 e6 11. Bf4 Qa5+ {B19: Classical
Caro-Kann: 4...Bf5 main line.} 12. Bd2 Bb4 13. c3 Be7 {The position is equal.}
14. c4 Qb6 15. Bc3 $5 {[%mdl 4] Leaves trodden paths.} Ngf6 {[#]} 16. Ne5 $146
({Predecessor:} 16. O-O-O Rd8 17. Qe2 O-O 18. Ne4 Nxe4 19. Qxe4 Qa6 20. d5 cxd5
21. cxd5 Nf6 22. Bxf6 Bxf6 {0-1 (56) Zakhartsov,V (2486)-Gaifullin,A (2448) St
Petersburg 2018}) 16... Rd8 17. Qe2 Bb4 {Strongly threatening ...Qxd4.} 18. O-O
{And now c5 would win.} Bxc3 19. bxc3 {Threatening Ng6!} O-O 20. Rab1 Qc7 21.
f4 c5 22. Qf3 Nb6 23. Rfd1 Nfd7 24. Ne4 {Black should prevent Nxd7.} cxd4 25.
cxd4 f5 (25... Nxc4 $15 26. Nxd7 Qxd7) 26. Nc5 $36 {[%mdl 2048] White has good
play.} Nxc5 27. dxc5 Qxc5+ 28. Kh2 {Threatens to win with Rxd8.} Qc7 (28...
Nxc4 29. Nd7 $16) 29. a4 Rxd1 (29... Nxc4 $2 30. Qc3 $18) 30. Rxd1 {aiming for
a5.} Rd8 $2 {[%mdl 8192] [#]} ({Don't go for} 30... Nxa4 $2 31. Rd7 $18) ({
Avoid the trap} 30... Nxc4 $2 31. Qc3 $18) (30... a5 $11) 31. Qxb7 $3 $18 {
[%mdl 576] Deflection} Qxb7 32. Rxd8+ Kh7 {White must now prevent ...g5. This
move loses the game for Black.} 33. Ng6 $1 {[%csl Gg6][%cal Rd8h8] [#]} Qc8 $2
(33... Qa8 $1 {[%mdl 512]} 34. Rxa8 Nxa8) 34. Rxc8 {White is clearly winning.}
Nxc8 {[%mdl 4096] Endgame [#] KN-KN} 35. c5 $1 Kg8 36. Kg3 Kf7 37. Kf3 Ke8 (
37... a6 $142 38. Ke3 Na7 39. Ne5+ Ke7) 38. Ke3 Kd7 39. Kd4 a6 40. Ke5 Kc6 41.
Kxe6 Kxc5 42. Kf7 Kb4 43. Kxg7 {Weighted Error Value: White=0.05/Black=0.40}
1-0